Wikipedia Opening Sentences (Celebrities) - Statistics

General Stats
  • This quiz has been taken 36 times
  • The average score is 11 of 15
Answer Stats
Wikipedia Opening Celebrity % Correct
German politician and leader of the Nazi Party. Adolf Hitler
97%
A technology entrepreneur, investor, and engineer. He holds South African, Canadian, and U.S. citizenship and is the founder, CEO, and chief engineer/designer of SpaceX Elon Musk
94%
American professional tennis player and former world No. 1. She has won 23 major singles titles, most by any man or woman in the Open Era. Serena Williams
94%
Austrian-American politician, actor, filmmaker, businessman, author, and former professional bodybuilder. Arnold Schwarzenegger
87%
American singer, songwriter, actress, and businesswoman. Referred to as the "Queen of Pop" since the 1980s. Madonna
87%
American professional golfer. He ranks second all-time in both men's major championships and PGA Tour wins and also holds numerous golf records. Tiger Woods
87%
American media executive, actress, talk show host, television producer and philanthropist. Oprah Winfrey
84%
English former professional footballer, the current president of Inter Miami CF and co-owner of Salford City. David Beckham
81%
American artist, director, and producer who was a leading figure in the visual art movement known as pop art. Andy Warhol
77%
American film actress who after starring in several significant films in the early- to mid-1950s became Princess of Monaco by marrying Prince Rainier III in April 1956. Grace Kelly
77%
American former professional road racing cyclist, infamous for the biggest doping scandal in cycling history. Lance Armstrong
77%
English film director and producer, widely regarded as one of the most influential and extensively studied filmmakers in the history of cinema. Alfred Hitchcock
68%
British-American journalist and editor who has been editor-in-chief of Vogue since 1988. Anna Wintour
55%
Roman politician and general who played a critical role in the transformation of the Roman Republic from an oligarchy into the autocratic Roman Empire. Mark Antony
39%
American broadcast journalist, author, and television personality. She has hosted a variety of television programs, including Today, The View, 20/20, and the ABC Evening News. Barbara Walters
35%
No matching quizzes found
Score Distribution
Percent of People with Each Score
Percentile by Number Answered
Your Score History
You have not taken this quiz